共通してつく旧国名は何? - Statistics

General Stats
  • This quiz has been taken 94 times
  • The average score is 11 of 20
Answer Stats
Hint Answer % Correct
一宮、瀬戸、旭 尾張
95%
長岡、高島、塩津 近江
88%
天津、鴨川、勝山 安房
86%
八木、新庄、高田 大和
83%
萩原、古川、金山 飛騨
82%
浅野、大町、吉田 信濃
74%
一宮、片上、西市 備前
74%
沼尻、当別、砂原 渡島
72%
横田、坂根、大東 出雲
72%
八尾、山田、宮崎 越中
69%
市川、白浜、横浜 陸奥
68%
石川、太田、棚倉 磐城
66%
池田、加茂、富田 阿波
66%
白石、藤沢、中原 武蔵
65%
大川、北川、長岡 伊豆
63%
高岡、新宮、徳久 播磨
61%
中島、鹿島、二宮 能登
60%
富田、大野、高田 越前
59%
清川、竹田、豊岡 豊後
59%
曽根、川口、田中 越後
57%
府中、財田、白鳥 讃岐
57%
一宮、東郷、大塚 三河
55%
大浦、七海、竜王 肥前
55%
大泉、大和、大島 甲斐
54%
高松、呉妹、広瀬 備中
53%
長崎、高松、金沢 羽前
51%
大崎、加茂、江見 美作
51%
岩城、出石、三島 伊予
51%
上野、大井、若松 伊勢
50%
富田、山田、有田 紀伊
50%
横田、津田、福光 石見
50%
赤坂、本郷、松山 美濃
49%
大宮、鴻巣、太田 常陸
47%
山手、内野、植木 筑前
47%
長沢、湯本、二見 長門
45%
大石、草野、吉井 筑後
45%
長浜、大津、伊倉 肥後
45%
長野、亀田、中里 羽後
44%
磯部、横山、赤崎 志摩
43%
長浜、中野、長束 安芸
41%
一宮、山田、大津 土佐
39%
松江、大熊、長洲 豊前
39%
松川、野田、八木 陸中
35%
大野、大塚、沼田 相模
35%
長井、庄内、北方 日向
35%
三川、赤坂、八幡 備後
30%
大川、塩屋、高城 薩摩
30%
大塚、富山、小野 陸前
26%
久保、花岡、下郷 周防
20%
No matching quizzes found
Score Distribution
Percent of People with Each Score
Percentile by Number Answered
Your Score History
You have not taken this quiz